Participación y democracia en Guatemala/
Wedi'i Gadw mewn:
| Prif Awdur: | |
|---|---|
| Fformat: | Llyfr |
| Iaith: | Spanish |
| Tagiau: |
Ychwanegu Tag
Dim Tagiau, Byddwch y cyntaf i dagio'r cofnod hwn!
|
MARC
| LEADER | 00000nam a22000007a 4500 | ||
|---|---|---|---|
| 003 | cru CIDCACS/IIS | ||
| 005 | 20180531142431.0 | ||
| 007 | ta | ||
| 008 | 180531t2001 es |||||r|||||||| ||spa|d | ||
| 999 | |c 41491 |d 41491 | ||
| 040 | |c cru CIDCACS/IIS | ||
| 100 | 1 | |9 7313 |a Solórzano Martínez, Mario | |
| 245 | 1 | |a Participación y democracia en Guatemala/ |c Mario Solórzano Martínez | |
| 300 | |a páginas 3-55: |b tablas, gráficos | ||
| 773 | 0 | |0 41490 |9 2057 |a Córdova Macías, Ricardo |d El Salvador: FUNDAUNGO, 2001 |o 17713 |t Pasos hacia una nueva convivencia: |z 9992329084 | |
| 942 | |2 ddc |c LI | ||



